Intermediate Accounting: (Record no. 14762)

000 -LEADER
fixed length control field 00681nam a22002057a 4500
008 - FIXED-LENGTH DATA ELEMENTS--GENERAL INFORMATION
fixed length control field 161008b xxu||||| |||| 00| 0 eng d
020 ## - INTERNATIONAL STANDARD BOOK NUMBER
International Standard Book Number 9780618568147
020 ## - INTERNATIONAL STANDARD BOOK NUMBER
International Standard Book Number 0618721851
050 ## - LIBRARY OF CONGRESS CALL NUMBER
Classification number HF 5636 .N67 2007
100 ## - MAIN ENTRY--PERSONAL NAME
Personal name Norton, Curtis L.
245 ## - TITLE STATEMENT
Title Intermediate Accounting:
Remainder of title financial reporting and analysis/
Statement of responsibility, etc. Curtis L. Norton, Michael A. Diamond and Donald P. Pagach
250 ## - EDITION STATEMENT
Edition statement 2nd ed.
260 ## - PUBLICATION, DISTRIBUTION, ETC. (IMPRINT)
Place of publication, distribution, etc. Boston:
Name of publisher, distributor, etc. Houghton Mifflin Company,
Date of publication, distribution, etc. 2007
300 ## - PHYSICAL DESCRIPTION
Extent xxxi, 989p. :
Other physical details ill. ;
500 ## - GENERAL NOTE
General note Includes index.
650 ## - SUBJECT ADDED ENTRY--TOPICAL TERM
Topical term or geographic name as entry element Accounting
700 ## - ADDED ENTRY--PERSONAL NAME
Personal name Diamond, Michael A.
700 ## - ADDED ENTRY--PERSONAL NAME
Personal name Pagach, Donald P.
942 ## - ADDED ENTRY ELEMENTS (KOHA)
Source of classification or shelving scheme
Koha item type Hard Covered Materials
Classification part HF 5636 .N67 2007
Holdings
Withdrawn status Lost status Source of classification or shelving scheme Damaged status Not for loan Home library Current library Shelving location Date acquired Source of acquisition Total Checkouts Full call number Barcode Date last seen Price effective from Koha item type
          MACHAKOS UNIVERSITY LIBRARY MACHAKOS UNIVERSITY LIBRARY Technical section 08/10/2016 Donation (BFA)   HF 5636 .N67 2007 26455 12/06/2018 08/10/2016 Hard Covered Materials
© Machakos University Library, Along The Highway, Machakos Wote Rd, Machakos, Kenya P.O. Box 136 - 90100 Machakos - Kenya

Tel: ( +254 ) 723 805829 OR Fax : 044-20353 OR Email: library@mksu.ac.ke